Aldo Rossi
Bewaard in:
| Hoofdauteur: | |
|---|---|
| Formaat: | Boek |
| Taal: | Spaans Portugees |
| Gepubliceerd in: |
Barcelona
Gustavo Gili
1981
|
| Reeks: | Colección Estudio. Paperback
|
| Onderwerpen: | |
| Tags: |
Voeg label toe
Geen labels, Wees de eerste die dit record labelt!
|
MARC
| LEADER | 00000nam a2200000 a 4500 | ||
|---|---|---|---|
| 001 | UCV8578 | ||
| 003 | CL-VaPUC | ||
| 008 | 911014e19810000SP |||||||||||||||||spa|d | ||
| 041 | 0 | 7 | |a spa |2 CL-VaPUC |
| 041 | 0 | 7 | |a por |2 CL-VaPUC |
| 082 | 0 | 4 | |a 720.92 |b BRA |2 21 |
| 100 | 0 | |a Braghieri, Gianni |e author |9 302605 | |
| 245 | 1 | 0 | |a Aldo Rossi |
| 300 | |a 221 p | ||
| 942 | |c BK | ||
| 945 | |d 19911014 00:00:00 | ||
| 260 | |a Barcelona |b Gustavo Gili |c 1981 | ||
| 600 | 0 | 7 | |a ROSSI, ALDO |2 CL-VaPUC |9 266853 |
| 650 | 0 | |a Arquitectura moderna |9 265021 | |
| 650 | 7 | |a DISEÑOS Y PLANOS SIGLO 20 |2 CL-VaPUC |9 266203 | |
| 651 | 0 | |a Italia |9 254949 | |
| 583 | |a last modification |c 19911014 00:00:00 |k Rodrigo Vera | ||
| 490 | 0 | |a Colección Estudio. Paperback | |
| 999 | |c 214068 |d 214066 | ||
| 952 | |0 0 |1 0 |4 0 |6 720_920000000000000_BRA_1981 |7 0 |8 A |9 197099 |a BIBARQ |b BIBARQ |d 2019-11-14 |i 2648326 |o 720.92 BRA 1981 |p 2648326 |r 2025-01-20 |w 2019-11-14 |y BK |k ARQ | ||
| 952 | |0 0 |1 0 |4 0 |6 720_920000000000000_BRA_1981 |7 0 |8 A |9 197100 |a BIBARQ |b BIBARQ |d 2019-11-14 |i 2648334 |o 720.92 BRA 1981 |p 2648334 |r 2025-01-20 |w 2019-11-14 |y BK |k ARQ | ||